Direitos e deveres da criança (Record no. 49900)

MARC details
000 -LÍDER
campo de controle de tamanho fixo 00357 a2200145 4500
001 - NÚMERO DE CONTROLE
campo de controle 49900
020 ## - ISBN - INTERNATIONAL STANDARD BOOK NUMBER
ISBN - International Standard Book Number 8573980680
040 ## - FONTE DA CATALOGAÇÃO
Instituição que transcreveu o registro Anchieta - Bela Vista
100 ## - ENTRADA PRINCIPAL--NOME PESSOAL
Nome pessoal Duarte, Madalena Parisi
240 10 - TÍTULO UNIFORME
Título uniforme Direitos e deveres da criança
Idioma da obra por
245 10 - TÍTULO
Título Direitos e deveres da criança
300 ## - DESCRIÇÃO FÍSICA
Extensão 8
650 #4 - ASSUNTO--TERMO TÓPICO
Cabeçalho tópico ou nome geográfico Literatura infanto-juvenil
942 ## - ELEMENTOS DE ENTRADA ADICIONADOS (KOHA)
Tipo de material Koha Livros
Holdings
Situação do descarte Situação das perdas Situação física Não pode ser emprestado Biblioteca de origem Biblioteca atual Data de aquisição Total de empréstimos Número de chamada completo Código de barras Data de último acesso Data do preço efetivo Tipo de material Koha Fonte da classificação ou esquema de arquivamento na estante Nota pública
        Colégio Anchieta - Bela Vista Colégio Anchieta - Bela Vista 21/11/2023   028.5 D812d DUA DIR 3132/BEL 21/11/2023 21/11/2023 Livros    
        Colégio Anchieta - Bela Vista Colégio Anchieta - Bela Vista 21/11/2023   028.5 D812d DUA DIR 3623/BEL 21/11/2023 21/11/2023 Livros    
        Novo Tempo - Aureliano São José Novo Tempo - Aureliano São José 02/07/2024     if387 02/07/2024 02/07/2024 Livros Classificação Decimal de Dewey D